|
|
|
|
| LEADER |
00779cam a2200253 7i4500 |
| 001 |
0000033875 |
| 005 |
20161221090000.0 |
| 007 |
##ta |
| 008 |
161116s2012 nju 001 0 eng |
| 020 |
# |
# |
|a 9781601632005
|
| 040 |
# |
# |
|a MATR
|
| 090 |
0 |
0 |
|a B 658.452
|b ALA
|
| 100 |
1 |
# |
|a Alain, Patrick
|e author
|
| 245 |
1 |
4 |
|a The Leader Phrase Book :
|b 3000+ Powerful Phrases That Put You in Command
|c Patrick Alain.
|
| 264 |
# |
1 |
|a Pompton Plains, NJ:
|b Career Press,
|c 2012.
|
| 300 |
# |
# |
|a 191 pages;
|c 23 cm.
|
| 336 |
# |
# |
|a text
|2 rdacontent
|
| 337 |
# |
# |
|a unmediated
|2 rdamedia
|
| 338 |
# |
# |
|a volume
|2 rdacarrier
|
| 504 |
# |
# |
|a Includes index
|
| 650 |
# |
0 |
|a Business communication
|
| 650 |
# |
0 |
|a Leadership
|
| 650 |
# |
0 |
|a Conversation
|
| 999 |
|
|
|a B000038193
|b Book
|c Book
|e Business Information Centre
|